02155nam a2200349 u 450000100070000000500170000700700100002400800410003403500110007504000130008604100080009908000090010708200080011610000410012424501120016526000430027730000130032052006220033365000360095565000340099165000390102565000300106470000400109470000400113470000610117494200100123599900190124550001150126495201660137995201340154595201260167993976320260506155621.0co|||||||050816e20050801 spa  a939763 ccomduadb aspa aQ/CD 4a30610aCano, Ligia Amparo4auteaut940969010aSistematizacion de las denuncias por violencia intrafamiliar en la comisaria de familia municipio de Caldas aMedellín :b[sin publicador],c2005. a1 CD-ROM3 aLa familia cambia y continuara cambiando, pero tambien persistira, porque es la unidad humana mas adecuada en las actuales sociedades puesto que cumple dos funciones basicas que ninguna otra institucion social podra cumplir, "la proteccion psicosocial de sus miembros ya que en su interior engendra nuevas personas y responde por el desarrollo integral de ellas" (Quintero, 1997). En la presente investigacion se toma como referencia a las familias que denunciaron ante la Comisaria de Familia del municipio de Caldas, Antioquia en el periodo 2003 y primer semestre de 2004, por algun tipo de violencia intrafamiliar. 7aViolencia familiar2lemb943854 aConflictos familiares9159316 7aTribunales de familia2lemb939825 aCaldas (Antioquia)92118710aTaborda, Catalina4auteaut954867210aVillegas, Yulieth4auteaut941093210aQuintero Velásquez, Ángela María4thseths9478155 cTESIS c360943d360943 aTesis (Especialista en Gerencia del Desarrollo Social). Universidad de Antioquia - Título del grado otorgado 001040708TESDIGBCaBCbBCd2005-08-16eMaterial adquirido por donacióniC877637l0o306.87 C227 CD-ROMp0565200r2023-04-26 00:00:00t1w2023-04-26yDIGITAL 001040708TESDIGBCaBCbBCd2005-09-13iC881322l0o306.87 C227 CD-ROM e2p0567154r2023-04-26 00:00:00t2w2023-04-26yDIGITAL 001040708DIGITALaCISHbCISHd2005-10-21iC886058l0oQ/CD-05248p0617094r2023-04-26 00:00:00t3w2023-04-26yDIGITAL